000 00407nam a2200169Ia 4500
008 230524s9999 xx 000 0 und d
020 _a9789384588663
082 _a624.18341
_bJAG
100 _aK.S.Jagdish
_942917
245 0 _aStructural Masonry
250 _a1
260 _aNew Delhi
_bI.K.International
_c2015
300 _a201p:
500 _aQuantity Number: 1
650 _aCivil
942 _cBK
999 _c57885
_d57885